Obra completa (quintiliano),tomo i /
Guardado en:
| Autor Principal: | |
|---|---|
| Formato: | Libro |
| Publicado: |
Salamanca :
Universidad Pontificia,
1996
|
| Materias: | |
| Etiquetas: |
Agregar Etiqueta
Sin Etiquetas, Sea el primero en etiquetar este registro!
|
| LEADER | 00650nam a22001815a 4500 | ||
|---|---|---|---|
| 001 | EHU.bham022921 | ||
| 003 | AR-BHAM | ||
| 005 | 20080923172917.0 | ||
| 008 | 130507s1996##################000#0#####d | ||
| 082 | 8 | 7 | |a 875 |
| 100 | 1 | |a Quintiliano, Marco Favio | |
| 245 | 1 | 0 | |a Obra completa (quintiliano),tomo i / |c Marco Favio Quintiliano |
| 260 | |a Salamanca : |b Universidad Pontificia, |c 1996 | ||
| 300 | |a 447 p. | ||
| 500 | |a Ed. BilingÜe: Trad. Alfonso Ortega Carmonasobre La Formacion Del Orador / 12 Libros- Parte Primera: Libros I-iii | ||
| 653 | |a Literatura | ||
| 653 | |a Literatura latina | ||
| 859 | |a AR-BHAM |b BIB. HUMANIDADES - General |h 875 |i Q45-2 |p 95.00 |t Ej.1 |v I |3 I | ||
